| 000 | 00477nam a22001817a 4500 | ||
|---|---|---|---|
| 003 | CEME | ||
| 005 | 20210628203946.0 | ||
| 008 | 210309b xxu||||| |||| 00| 0 eng d | ||
| 020 | _a0-7506-1633-4 | ||
| 040 | _c. | ||
| 082 | _a621.317 MAZ'P | ||
| 100 |
_aMazda, F.F _968015 |
||
| 245 | _aPower electronic handbook , components circuits and applications | ||
| 260 |
_aLONDON _bBUTTERWORTH _c1990 |
||
| 300 | _a417P | ||
| 650 |
_aPOWER ELECTRONIC _968016 |
||
| 942 |
_cBK _2ddc |
||
| 999 |
_c575679 _d575679 |
||